|
|
|
|
| LEADER |
00000nab a2200000uu 4500 |
| 001 |
vtls011137819 |
| 003 |
SK-MaSNL |
| 005 |
20260303131559.0 |
| 008 |
230218|2007 xo |||||||||||||||||cze| |
| 015 |
|
|
|a SNBRB
|
| 035 |
|
|
|a (urnnbn)urn:nbn:sk:snk:ar-007u6t
|
| 035 |
|
|
|a (uuid)10ec6900-1c52-472f-a565-bcba00684e98
|
| 035 |
|
|
|a urn:nbn:sk:snk-abaqcs
|
| 040 |
|
|
|a SNKBUCL
|b slo
|c SNKBUCL
|e AACR2
|
| 041 |
0 |
|
|a cze
|
| 044 |
|
|
|a xo
|c SK
|
| 100 |
1 |
|
|a Burianová, I.
|4 aut
|9 1148477
|
| 245 |
1 |
0 |
|a Individualizovaná proteinová fortifikace mateřského mléka u novorozenců s nízkou porodní hmotností: klíč ke snížení morbidity?
|c I. Burianová, J. Janota
|
| 700 |
1 |
|
|a Janota, J.
|4 aut
|9 1148229
|
| 773 |
0 |
|
|t Československá pediatrie : časopis Pediatrické společnosti časopis Československé pediatrické společnosti, sekce Československé lékařské společnosti J.E. Purkyně ; časopis České a Slovenské pediatrické společnosti
|g Roč. 62, č. 7-8 (2007), s. 447-450
|
| 954 |
|
|
|a odborná, vedecká literatúra cudzojazyčná (svetová)
|2 lita
|
| 958 |
|
|
|a OND
|
| 958 |
|
|
|a EUIPO
|
| 958 |
|
|
|a article14
|
| 999 |
|
|
|c 1945921
|d 1947851
|